[Event "Toledo Swiss (September)"]
[Site "Toledo, Ohio"]
[Date "1990.09.22"]
[Round "1"]
[White "Endres, John"]
[Black "Moody, David"]
[Result "0-1"]
[WhiteElo "1501"]
[BlackElo "2105"]
[PlyCount "66"]
[EventDate "1990.09.22"]

1. e4 e5 2. Nf3 Nc6 3. Bb5 a6 4. Ba4 Nf6 5. O-O Be7 6. Re1 b5 7. Bb3 O-O 8. c3
d5 9. d3 d4 10. cxd4 Nxd4 11. Nxe5 Bd6 12. Bxf7+ Rxf7 13. Nxf7 Kxf7 14. e5 Ng4
15. exd6 Qh4 16. Re7+ Kf8 17. h3 Qxf2+ 18. Kh1 cxd6 19. Re4 Bf5 20. Rf4 Qxf4
21. Bxf4 Nf2+ 22. Kg1 Nxd1 23. Bxd6+ Kf7 24. Nd2 Nxb2 25. Be5 Ne2+ 26. Kf2
Nxd3+ 27. Kxe2 Nxe5 28. Rf1 Ke6 29. Ke3 Nc4+ 30. Nxc4 bxc4 31. Kd4 Bd3 32. Re1+
Kd6 33. Kc3 Rf8 0-1

[Event "Toledo Swiss (September)"]
[Site "Toledo, Ohio"]
[Date "1990.09.22"]
[Round "3"]
[White "Calton, Bill"]
[Black "Moody, David"]
[Result "1-0"]
[WhiteElo "2053"]
[BlackElo "2105"]
[PlyCount "51"]
[EventDate "1990.09.22"]

1. d4 Nf6 2. c4 c5 3. Nf3 cxd4 4. Nxd4 g6 5. Nc3 Bg7 6. g3 O-O 7. Bg2 Nc6 8.
O-O Qb6 9. Nb3 d6 10. Be3 Qb4 11. Nd5 Qxc4 12. Rc1 Qg4 13. Rxc6 Nxd5 14. Rxc8
Raxc8 15. Bxd5 b6 16. Nd4 Rc5 17. Nc6 Rxc6 18. Bxc6 f5 19. Qb3+ Kh8 20. Bf3 Qh3
21. Qe6 Bf6 22. Rc1 Kg7 23. Rc7 h5 24. Rxe7+ Bxe7 25. Qxe7+ Rf7 26. Bd4+ 1-0

[Event "Hart Plaza Open"]
[Site "Detroit, Mich."]
[Date "1990.10.06"]
[Round "2"]
[White "Williams, Ron"]
[Black "Moody, David"]
[Result "1-0"]
[WhiteElo "1491"]
[BlackElo "2105"]
[PlyCount "91"]
[EventDate "1990.10.06"]

1. c4 e5 2. Nc3 Nc6 3. Nf3 f5 4. d3 Nf6 5. g3 Be7 6. Bg2 O-O 7. O-O d6 8. e3
Qe8 9. Ne1 Be6 10. a3 Qf7 11. Qb3 Rab8 12. Nf3 h6 13. Qc2 e4 14. Nd2 exd3 15.
Qxd3 Ne5 16. Qc2 Nxc4 17. Nf3 Ne4 18. Ne2 c5 19. Nf4 Bf6 20. Rb1 Na5 21. Nxe6
Qxe6 22. Ne1 Nb3 23. Nd3 g5 24. Rd1 a5 25. f3 c4 26. fxe4 cxd3 27. Qxd3 Nc5 28.
exf5 Nxd3 29. fxe6 Nxc1 30. Rdxc1 Rfe8 31. Bd5 Re7 32. b4 axb4 33. axb4 Kg7 34.
b5 b6 35. Rc6 Be5 36. Rf1 Ra7 37. Rf7+ Rxf7 38. exf7 Kf8 39. Kg2 h5 40. Kf3 Ke7
41. h3 Kf8 42. g4 h4 43. Ke4 Ke7 44. Kf5 Bf6 45. Rc7+ Kd8 46. f8=Q+ 1-0

[Event "Hart Plaza Open"]
[Site "Detroit, Mich."]
[Date "1990.10.06"]
[Round "3"]
[White "Moody, David"]
[Black "Boone, Marion"]
[Result "1-0"]
[WhiteElo "2105"]
[BlackElo "1400"]
[PlyCount "85"]
[EventDate "1990.10.06"]

1. e4 d6 2. Nf3 Nf6 3. c3 g6 4. Bd3 Bg4 5. Bc2 Bg7 6. d3 O-O 7. Bg5 Nbd7 8.
Nbd2 c5 9. h3 Bxf3 10. Nxf3 Qc7 11. Qd2 c4 12. d4 e5 13. O-O-O b5 14. dxe5 dxe5
15. Qd6 Qxd6 16. Rxd6 a5 17. Rhd1 Ra7 18. Nxe5 Nxe5 19. Bxf6 Bxf6 20. Rxf6 b4
21. f4 Nd7 22. Rfd6 Nc5 23. Rc6 b3 24. axb3 Nxb3+ 25. Bxb3 cxb3 26. Rd4 a4 27.
Rcc4 Rfa8 28. Rb4 a3 29. bxa3 Rxa3 30. Kb2 Ra2+ 31. Kxb3 R8a3+ 32. Kc4 Rxg2 33.
f5 Rf2 34. fxg6 hxg6 35. Rd3 Ra8 36. Re3 Rf4 37. Kb3 Re8 38. c4 Rfxe4 39. Rxe4
Rxe4 40. c5 Re7 41. c6 Rc7 42. Rb6 f5 43. Rb8+ 1-0

[Event "Hart Plaza Open"]
[Site "Detroit, Mich."]
[Date "1990.10.06"]
[Round "1"]
[White "Davy, Erez"]
[Black "Moody, David"]
[Result "1/2-1/2"]
[WhiteElo "1488"]
[BlackElo "2105"]
[PlyCount "120"]
[EventDate "1990.10.06"]

1. c4 e5 2. Nc3 Nc6 3. Nf3 f5 4. d3 Nf6 5. Bg5 Be7 6. g3 O-O 7. Bg2 d6 8. O-O
Qe8 9. Bxf6 Bxf6 10. Nd5 Qf7 11. Nxf6+ Qxf6 12. Qc2 Qh6 13. a3 f4 14. b4 Bh3
15. b5 Ne7 16. Qb3 fxg3 17. hxg3 Rf6 18. Qc3 Raf8 19. Qd2 Qh5 20. Qg5 Qxg5 21.
Nxg5 Bxg2 22. Kxg2 h6 23. Ne4 R6f7 24. a4 Nf5 25. e3 Ne7 26. Rac1 Ng6 27. a5
Rf5 28. b6 axb6 29. axb6 cxb6 30. Nxd6 Rf3 31. Ne4 Ne7 32. Rb1 Nc8 33. c5 bxc5
34. Nxc5 R3f7 35. Nxb7 Rd7 36. Rfd1 Rff7 37. Nc5 Rd5 38. Ne4 Na7 39. Nc3 Rc5
40. Ne2 Rc2 41. Kf1 Nc6 42. Rbc1 Nb4 43. Rxc2 Nxc2 44. Kg2 Nb4 45. d4 exd4 46.
Nxd4 Kf8 47. Rb1 Nd3 48. Rb8+ Ke7 49. Rb7+ Ke8 50. Rxf7 Kxf7 51. Kf3 Kf6 52.
Ke2 Nc5 53. f4 h5 54. Kf3 g5 55. fxg5+ Kxg5 56. e4 h4 57. gxh4+ Kxh4 58. e5 Kg5
59. Ke3 Kg6 60. Kf4 Nd3+ 1/2-1/2

[Event "Hart Plaza Open"]
[Site "Detroit, Mich."]
[Date "1990.10.07"]
[Round "4"]
[White "Moody, David"]
[Black "Barnette, Glenn"]
[Result "1-0"]
[WhiteElo "2105"]
[BlackElo "1753"]
[PlyCount "85"]
[EventDate "1990.10.06"]

1. e4 e6 2. d4 d5 3. Nc3 Nf6 4. exd5 Nxd5 5. Nf3 Bb4 6. Bd2 Nxc3 7. bxc3 Bd6 8.
Bd3 b6 9. Qe2 Bb7 10. O-O Qf6 11. Be4 Bxe4 12. Qxe4 c6 13. a4 Qg6 14. Qxg6 hxg6
15. Rfb1 Nd7 16. c4 O-O 17. Ng5 a6 18. Ne4 Be7 19. Kf1 f5 20. Bg5 fxe4 21. Bxe7
Rf7 22. Bd6 Rf5 23. a5 b5 24. Ke2 e5 25. d5 cxd5 26. cxb5 axb5 27. Rxb5 Ra6 28.
Rxd5 Nb6 29. axb6 Rxa1 30. b7 Rb1 31. b8=Q+ Rxb8 32. Bxb8 Rg5 33. g3 Rh5 34. h4
Kf7 35. Rxe5 Rh8 36. Bd6 Rc8 37. Re7+ Kf6 38. Rc7 Re8 39. c4 Ke6 40. Re7+ Rxe7
41. Bxe7 Kxe7 42. Ke3 Ke6 43. Kxe4 1-0

[Event "Hart Plaza Open"]
[Site "Detroit, Mich."]
[Date "1990.10.07"]
[Round "5"]
[White "Haakonstad, Olaf"]
[Black "Moody, David"]
[Result "1-0"]
[WhiteElo "1854"]
[BlackElo "2105"]
[PlyCount "59"]
[EventDate "1990.10.06"]

1. e4 e5 2. Nf3 Nc6 3. Bb5 a6 4. Bxc6 dxc6 5. Nc3 Qd6 6. d4 exd4 7. Qxd4 Ne7 8.
Be3 Ng6 9. O-O-O Bg4 10. h3 Bxf3 11. gxf3 Qxd4 12. Rxd4 Bd6 13. h4 Nf4 14. Rxd6
cxd6 15. Bxf4 O-O-O 16. Rd1 Kc7 17. Ne2 Rhe8 18. Ng3 Re6 19. c4 g6 20. c5 Kd7
21. cxd6 f6 22. Nf1 Rf8 23. Ne3 g5 24. Bg3 gxh4 25. Bf4 Rg8 26. Rh1 b5 27. Rxh4
Rg7 28. Nf5 Rf7 29. Rg4 Re8 30. Nh6 1-0

[Event "Lansing Mini-Swiss (October)"]
[Site "Lansing, Mich."]
[Date "1990.10.14"]
[Round "2"]
[White "Stigter, John"]
[Black "Moody, David"]
[Result "0-1"]
[WhiteElo "1950"]
[BlackElo "2105"]
[PlyCount "44"]
[EventDate "1990.10.14"]

1. e4 e5 2. Nf3 Nc6 3. d4 exd4 4. Bc4 Nf6 5. O-O Bc5 6. e5 d5 7. exf6 dxc4 8.
Re1+ Be6 9. Ng5 Qd5 10. Nc3 Qf5 11. Nce4 O-O-O 12. g4 Qe5 13. Nxe6 fxe6 14. Bg5
d3 15. fxg7 d2 16. Rf1 Qxe4 17. gxh8=Q Rxh8 18. Bf6 Rg8 19. h3 Rg6 20. g5 Ne5
21. Bxe5 Rxg5+ 22. Bg3 Rxg3+ 0-1

[Event "Lansing Mini-Swiss (October)"]
[Site "Lansing, Mich."]
[Date "1990.10.14"]
[Round "1"]
[White "Moody, David"]
[Black "Schoonmaker, John"]
[Result "1-0"]
[WhiteElo "2105"]
[BlackElo "1970"]
[PlyCount "97"]
[EventDate "1990.10.14"]

1. e4 c6 2. d4 d5 3. exd5 cxd5 4. Bd3 Nf6 5. c3 e6 6. Bf4 Bd6 7. Bxd6 Qxd6 8.
Nf3 O-O 9. Ne5 b6 10. Qe2 a5 11. Na3 Ba6 12. Nb5 Bxb5 13. Bxb5 Nfd7 14. f4 Nxe5
15. fxe5 Qc7 16. O-O Nc6 17. Bd3 g6 18. Rf3 a4 19. Raf1 a3 20. b4 Ne7 21. Qd2
Kg7 22. Rh3 Ng8 23. Rf4 Rac8 24. Rfh4 h5 25. Rxh5 Rfd8 26. Rh7+ Kf8 27. Bxg6
Rd7 28. Rf3 f5 29. Rxd7 Qxd7 30. Qg5 Qg7 31. Rh3 Qe7 32. Qxe7+ Nxe7 33. Rh8+
Kg7 34. Rxc8 Nxc8 35. Be8 Ne7 36. Kf2 Ng8 37. Ke3 Nh6 38. h3 Kf8 39. Bh5 Kg7
40. Kf4 Ng8 41. Kg5 Nh6 42. Be8 Ng8 43. h4 Nh6 44. h5 Ng4 45. Bd7 Kf7 46. h6
Nf2 47. Bxe6+ Kxe6 48. h7 Ne4+ 49. Kg6 1-0

[Event "Lansing Mini-Swiss (October)"]
[Site "Lansing, Mich."]
[Date "1990.10.14"]
[Round "3"]
[White "Lindsay, Fred"]
[Black "Moody, David"]
[Result "1-0"]
[WhiteElo "2390"]
[BlackElo "2105"]
[PlyCount "113"]
[EventDate "1990.10.14"]

1. Nf3 Nf6 2. c4 c5 3. Nc3 Nc6 4. d4 cxd4 5. Nxd4 g6 6. e4 Bg7 7. Be3 Ng4 8.
Qxg4 Nxd4 9. Qd1 Ne6 10. Qd2 Qa5 11. Rc1 d6 12. Bd3 O-O 13. O-O Nc5 14. Bb1 Kh8
15. Bd4 Ne6 16. Bxg7+ Nxg7 17. Rfd1 Bg4 18. Nd5 Qxd2 19. Rxd2 Be6 20. Nxe7 Rad8
21. b3 Rfe8 22. Nd5 Bxd5 23. cxd5 Re7 24. f3 Nh5 25. Kf2 Kg7 26. Rdc2 Kf6 27.
Ke3 Ke5 28. Rc7 Rdd7 29. Rxd7 Rxd7 30. Bd3 f5 31. g3 g5 32. exf5 Kxd5 33. Bc4+
Ke5 34. Be6 Re7 35. Rd1 Ng7 36. Rd5+ Kf6 37. g4 Ne8 38. Rd1 Rc7 39. Bc4 a6 40.
Kd4 b5 41. Bd3 Rc5 42. b4 Re5 43. Be4 Re7 44. Rc1 h5 45. h3 hxg4 46. hxg4 Rh7
47. Rc6 Rc7 48. Kd5 Rxc6 49. Kxc6 Ke5 50. Kb6 d5 51. Bc2 Kd4 52. Bb3 Nf6 53.
Kxa6 Kc3 54. Kxb5 d4 55. Kc5 d3 56. b5 d2 57. Kd6 1-0

[Event "Trenton Mini-Swiss (October)"]
[Site "Trenton, Mich."]
[Date "1990.10.20"]
[Round "3"]
[White "Owens, James"]
[Black "Moody, David"]
[Result "1-0"]
[WhiteElo "1958"]
[BlackElo "2105"]
[PlyCount "53"]
[EventDate "1990.10.20"]

1. e4 e5 2. Nf3 Nc6 3. Bc4 Nf6 4. d3 Bc5 5. O-O d6 6. c3 Be6 7. b4 Bxc4 8. bxc5
Be6 9. Ba3 d5 10. exd5 Bxd5 11. Nxe5 Nxe5 12. Re1 Be4 13. d4 Nc6 14. f3 O-O 15.
fxe4 Re8 16. Nd2 Qd7 17. Qe2 Rad8 18. Kh1 Nd5 19. Qc4 Nf4 20. Qf1 Qg4 21. Re3
Ne5 22. Rd1 Ned3 23. Rf3 f5 24. e5 Re6 25. Nc4 Nxe5 26. Rxf4 Qh5 27. Rxf5 1-0

[Event "Trenton Mini-Swiss (October)"]
[Site "Trenton, Mich."]
[Date "1990.10.20"]
[Round "2"]
[White "Moody, David"]
[Black "Thomas, Carlton"]
[Result "0-1"]
[WhiteElo "2105"]
[BlackElo "2132"]
[PlyCount "76"]
[EventDate "1990.10.20"]

1. e4 d5 2. Nc3 d4 3. Nce2 e5 4. Ng3 Nf6 5. Bc4 Bd6 6. d3 O-O 7. Nf3 Nc6 8. a3
Ne7 9. Bg5 Ng6 10. Qd2 Rb8 11. h4 b5 12. Bb3 c5 13. h5 Nf4 14. O-O-O c4 15.
dxc4 bxc4 16. Bxc4 Qb6 17. Bb3 Nd7 18. Bxf4 exf4 19. Nf5 Bc5 20. Qxf4 Ba6 21.
Qg5 Qf6 22. Qxf6 Nxf6 23. Rh4 d3 24. e5 dxc2 25. Rd2 Rxb3 26. exf6 Bd3 27. Ne7+
Kh8 28. Ne5 gxf6 29. Rxd3 Rxd3 30. Nxd3 Bxe7 31. Kxc2 Rc8+ 32. Kd2 Kg7 33. Ra4
Rc7 34. Ra6 Kh6 35. g4 Kg5 36. f3 Kh4 37. b4 f5 38. Rh6 Bg5+ 0-1

[Event "Trenton Mini-Swiss (October)"]
[Site "Trenton, Mich."]
[Date "1990.10.20"]
[Round "1"]
[White "June, Brian"]
[Black "Moody, David"]
[Result "0-1"]
[WhiteElo "1869"]
[BlackElo "2105"]
[PlyCount "88"]
[EventDate "1990.10.20"]

1. d4 Nf6 2. Nf3 c5 3. e3 cxd4 4. exd4 d5 5. Bd3 g6 6. O-O Bg7 7. Ne5 O-O 8.
Nd2 Nc6 9. Ndf3 Nb4 10. Bf4 Nxd3 11. cxd3 Bf5 12. Nh4 Qb6 13. Nxf5 gxf5 14. Be3
Rac8 15. Qf3 Qe6 16. Rac1 Ng4 17. Nxg4 fxg4 18. Qg3 h5 19. Rce1 Qg6 20. Bd2 e6
21. Bc3 Rc6 22. Kh1 f5 23. f4 Bf6 24. Qe3 Re8 25. Rf2 Bh4 26. g3 Bf6 27. Rfe2
Kf7 28. Qd2 Qg7 29. Qe3 h4 30. Qg1 Rh8 31. Kg2 hxg3 32. hxg3 Rh3 33. Qe3 Qh8
34. Rg1 Rh2+ 35. Kf1 Rxe2 36. Kxe2 b5 37. a3 a5 38. Rg2 b4 39. axb4 axb4 40.
Bxb4 Rc2+ 41. Kf1 Bxd4 42. Rxc2 Bxe3 43. Rc7+ Kg6 44. Bc3 d4 0-1

[Event "Michigan Action"]
[Site "Detroit"]
[Date "1990.10.27"]
[Round "5"]
[White "Wysocki, Marc"]
[Black "Thompson, Dexter"]
[Result "0-1"]
[WhiteElo "1487"]
[BlackElo "2295"]
[PlyCount "62"]
[EventDate "1990.10.27"]

1. e4 e5 2. Bc4 Nf6 3. d4 Nc6 4. Nf3 exd4 5. O-O Nxe4 6. Re1 d5 7. Bxd5 Qxd5 8.
Nc3 Qh5 9. Nxe4 Be6 10. Nxd4 Qxd1 11. Rxd1 Nxd4 12. Rxd4 Be7 13. Bf4 c5 14. Rd2
O-O 15. Bd6 Bxd6 16. Rxd6 b6 17. b3 Bf5 18. Re1 Rfe8 19. f3 h6 20. Kf2 c4 21.
Rc6 cxb3 22. cxb3 Rad8 23. Nd6 Rxe1 24. Kxe1 Be6 25. f4 Kh7 26. Kf2 Bd5 27.
Nxf7 Bxf7 28. Rc7 Bd5 29. Rxa7 Ra8 30. Rd7 Rxa2+ 31. Kg3 Rxg2+ 0-1

[Event "Michigan Action"]
[Site "Detroit"]
[Date "1990.10.27"]
[Round "1"]
[White "Wysocki, Marc"]
[Black "Skidmore, Mike"]
[Result "0-1"]
[WhiteElo "1487"]
[BlackElo "1953"]
[PlyCount "58"]
[EventDate "1990.10.27"]

1. e4 c6 2. d4 d5 3. Nd2 e6 4. Ngf3 Nf6 5. e5 Nfd7 6. Bd3 c5 7. c3 cxd4 8. cxd4
Nc6 9. Nb3 Be7 10. O-O O-O 11. Bd2 f6 12. Re1 fxe5 13. dxe5 Qe8 14. Bg5 Rxf3
15. Bxe7 Rxd3 16. Qxd3 Qxe7 17. f4 Nc5 18. Nxc5 Qxc5+ 19. Kh1 Bd7 20. Rac1 Qd4
21. Qxd4 Nxd4 22. Rc7 Bc6 23. Rd1 Nb5 24. Re7 Re8 25. Rxe8+ Bxe8 26. a4 Nc7 27.
Rc1 Na6 28. Rc8 Kf7 29. b3 Bc6 0-1

[Event "Michigan Action"]
[Site "Detroit"]
[Date "1990.10.27"]
[Round "4"]
[White "Wysocki, Marc"]
[Black "Rosenberg, Steve"]
[Result "1-0"]
[WhiteElo "1487"]
[BlackElo "1784"]
[PlyCount "47"]
[EventDate "1990.10.27"]

1. e4 Nf6 2. Nc3 d6 3. Nf3 e5 4. d3 Nc6 5. Be2 Be7 6. O-O Be6 7. Ng5 Nd4 8. f4
Nxe2+ 9. Nxe2 Qd7 10. f5 Bxf5 11. exf5 O-O-O 12. Nxf7 Rhf8 13. Nxd8 Kxd8 14.
Bg5 Qc6 15. Bxf6 Rxf6 16. Ng3 g6 17. fxg6 Rxg6 18. c3 d5 19. Qh5 Qb6+ 20. d4
Rh6 21. Qxe5 c5 22. Nf5 Re6 23. Qxd5+ Ke8 24. Ng7# 1-0

[Event "Michigan Action"]
[Site "Detroit"]
[Date "1990.10.27"]
[Round "6"]
[White "Watkins, David"]
[Black "Wysocki, Marc"]
[Result "0-1"]
[WhiteElo "1516"]
[BlackElo "1487"]
[PlyCount "26"]
[EventDate "1990.10.27"]

1. e4 e5 2. f4 Bc5 3. Nf3 d6 4. Bc4 Nf6 5. fxe5 dxe5 6. Bxf7+ Kxf7 7. Nxe5+ Ke8
8. c3 Qe7 9. d4 Bb6 10. O-O Qxe5 11. Rf5 Bxf5 12. Kh1 Qxe4 13. Nd2 Qd3 0-1

[Event "Michigan Action"]
[Site "Detroit"]
[Date "1990.10.27"]
[Round "4"]
[White "Watkins, David"]
[Black "Stancil, Rod"]
[Result "0-1"]
[WhiteElo "1516"]
[BlackElo "1774"]
[PlyCount "88"]
[EventDate "1990.10.27"]

1. e4 Nf6 2. e5 Nd5 3. d4 d6 4. Nc3 c6 5. Nxd5 cxd5 6. exd6 Qxd6 7. Nf3 Bg4 8.
Be2 g6 9. c3 Bg7 10. h3 Bxf3 11. Bxf3 O-O 12. O-O Nd7 13. Re1 Rfe8 14. Qb3 Nb6
15. a4 a5 16. Bf4 Qxf4 17. Qxb6 e6 18. Qxb7 Rab8 19. Qa7 Rxb2 20. Rab1 Qd2 21.
Rxb2 Qxb2 22. Bxd5 Qxc3 23. Kf1 Rd8 24. Bf3 Bxd4 25. Qa6 Qb4 26. Qb5 Qd2 27.
Re2 Qc1+ 28. Re1 Qa3 29. Qxa5 Rb8 30. Be2 Rb4 31. Bb5 Qa2 32. Be2 Rxa4 33. Qd8+
Kg7 34. Rd1 Qb2 35. Qd7 Ra1 36. Re1 Rxe1+ 37. Kxe1 Qc1+ 38. Bd1 Bc3+ 39. Ke2
Qb2+ 40. Kf1 e5 41. Be2 Bd4 42. g3 Qc1+ 43. Kg2 Qd2 44. Kf3 Qe1 0-1

[Event "Michigan Action"]
[Site "Detroit"]
[Date "1990.10.27"]
[Round "2"]
[White "Watkins, David"]
[Black "Boyce, Alroy"]
[Result "0-1"]
[WhiteElo "1516"]
[BlackElo "1751"]
[PlyCount "54"]
[EventDate "1990.10.27"]

1. e4 c5 2. b4 e6 3. a3 cxb4 4. Bb2 Nf6 5. e5 Nd5 6. Bc4 bxa3 7. Nxa3 a6 8.
Bxd5 exd5 9. Nf3 Be7 10. e6 dxe6 11. Bxg7 Rg8 12. Be5 Nc6 13. O-O h5 14. c4 h4
15. h3 f6 16. Bb2 e5 17. Nxh4 Bxh3 18. Kh2 Be6 19. Qh5+ Bf7 20. Qh6 Qc7 21.
cxd5 Bxd5 22. Nf5 O-O-O 23. Nxe7+ Qxe7 24. Kg1 Rxg2+ 25. Kh1 Rg6+ 26. Kh2 Rxh6+
27. Kg1 Qg7# 0-1

[Event "Michigan Action"]
[Site "Detroit"]
[Date "1990.10.27"]
[Round "5"]
[White "Wanshon, Kevin"]
[Black "Skidmore, Jennifer"]
[Result "0-1"]
[WhiteElo "1642"]
[BlackElo "1802"]
[PlyCount "56"]
[EventDate "1990.10.27"]

1. e4 e5 2. Nf3 d6 3. d4 exd4 4. Nxd4 Be7 5. Bc4 Nf6 6. Nc3 Nbd7 7. O-O Ne5 8.
Bb3 Bd7 9. h3 c6 10. f4 Ng6 11. Be3 Qc7 12. g4 h6 13. Nf5 Bxf5 14. exf5 Nf8 15.
Qe2 N8d7 16. Rfe1 d5 17. Bxa7 O-O 18. Be3 Bd6 19. Qf2 Rae8 20. Kh1 Re7 21. Rg1
Rfe8 22. Rae1 Nf8 23. g5 hxg5 24. fxg5 Nh5 25. Qf3 Ng3+ 26. Kg2 Nh7 27. h4 d4
28. Nd5 cxd5 0-1

[Event "Michigan Action"]
[Site "Detroit"]
[Date "1990.10.27"]
[Round "2"]
[White "Wanshon, Kevin"]
[Black "Carvell, John"]
[Result "1-0"]
[WhiteElo "1642"]
[BlackElo "1465"]
[PlyCount "65"]
[EventDate "1990.10.27"]

1. e4 e5 2. Nf3 Nc6 3. Bb5 a6 4. Ba4 Nf6 5. O-O Be7 6. Re1 O-O 7. d3 b5 8. Bb3
Na5 9. c3 Nxb3 10. axb3 d5 11. exd5 Qxd5 12. Rxe5 Qd6 13. Rxb5 axb5 14. Rxa8
Bb7 15. Rxf8+ Kxf8 16. h3 c5 17. Qe2 Nd5 18. Na3 Nf4 19. Bxf4 Qxf4 20. Nxb5
Qc1+ 21. Ne1 Bc6 22. Na3 Bd6 23. Kf1 Qg5 24. Nc4 Bc7 25. Qe3 Bf4 26. Qe2 Bd5
27. Nb6 Be6 28. Qe4 g6 29. Nc4 Qh5 30. Qxf4 Bxh3 31. Qb8+ Kg7 32. Qe5+ Qxe5 33.
Nxe5 1-0

[Event "Michigan Action"]
[Site "Detroit"]
[Date "1990.10.27"]
[Round "3"]
[White "Vaughn, Gerald"]
[Black "Wysocki, Marc"]
[Result "0-1"]
[WhiteElo "1542"]
[BlackElo "1487"]
[PlyCount "116"]
[EventDate "1990.10.27"]

1. e4 e5 2. Bc4 Nf6 3. d4 exd4 4. Nf3 Nxe4 5. Qxd4 Nf6 6. Bg5 Be7 7. Nc3 d6 8.
O-O Nc6 9. Bb5 Bd7 10. Bxc6 Bxc6 11. Rad1 Bxf3 12. gxf3 O-O 13. Ne4 Nd7 14. Be3
Bf6 15. Nxf6+ Qxf6 16. Kh1 Qxf3+ 17. Kg1 Ne5 18. Qf4 Qc6 19. f3 Qxc2 20. Rd2
Qg6+ 21. Kh1 Qe6 22. Bd4 Ng6 23. Qe3 Qxe3 24. Bxe3 Rfe8 25. Re2 c6 26. f4 Re4
27. f5 Ne5 28. Rff2 Nd3 29. Rg2 Nf4 30. Rg4 Nxe2 31. Rxe4 d5 32. Re7 d4 33. Bd2
d3 34. Rd7 c5 35. Rxd3 Nd4 36. Rg3 Nxf5 37. Rg5 g6 38. Rg4 Rd8 39. Bc3 Rd1+ 40.
Rg1 Rxg1+ 41. Kxg1 b5 42. a3 c4 43. Kf2 Nd6 44. Bd4 a6 45. h4 f5 46. Kf3 Kf7
47. Kf4 Ke6 48. Be5 Ne4 49. Bc7 h6 50. Bb6 g5+ 51. hxg5 hxg5+ 52. Kf3 c3 53.
bxc3 Nxc3 54. Be3 Nd5 55. Bxg5 b4 56. axb4 Nxb4 57. Bd2 Nc6 58. Bc3 a5 0-1

[Event "Michigan Action"]
[Site "Detroit"]
[Date "1990.10.27"]
[Round "4"]
[White "Vaughn, Gerald"]
[Black "Foord, Allan"]
[Result "0-1"]
[WhiteElo "1542"]
[BlackElo "1684"]
[PlyCount "62"]
[EventDate "1990.10.27"]

1. e4 c5 2. Nf3 d6 3. d4 cxd4 4. Nxd4 Nf6 5. Nc3 a6 6. a4 Bg4 7. Be2 Qd7 8. O-O
e6 9. h3 Bxe2 10. Qxe2 Nc6 11. Nxc6 bxc6 12. f4 Be7 13. Rf3 O-O 14. g4 Qc7 15.
b3 a5 16. Rg3 g6 17. f5 d5 18. Kg2 Bd6 19. Rf3 Be5 20. Bd2 d4 21. Bh6 Rfd8 22.
fxg6 hxg6 23. g5 Nh5 24. Qf2 dxc3 25. Rxf7 Qxf7 26. Qxf7+ Kxf7 27. Rf1+ Nf4+
28. Kf3 Nxh3 29. Kg4+ Nf4 30. Rxf4+ Bxf4 31. Kxf4 Rd2 0-1

[Event "Michigan Action"]
[Site "Detroit"]
[Date "1990.10.27"]
[Round "1"]
[White "Vaughn, Gerald"]
[Black "Calton, Bill"]
[Result "0-1"]
[WhiteElo "1542"]
[BlackElo "2047"]
[PlyCount "84"]
[EventDate "1990.10.27"]

1. d4 g6 2. c4 Bg7 3. Nc3 d6 4. Nf3 Nd7 5. Bf4 c6 6. e4 e5 7. dxe5 dxe5 8. Be3
Ngf6 9. Bd3 O-O 10. O-O Qc7 11. Qd2 Ng4 12. Rfe1 Nxe3 13. Rxe3 Nc5 14. Bc2 Be6
15. b3 Rad8 16. Qe2 Bh6 17. Rf1 Bg4 18. h3 Bxe3 19. fxe3 Bxf3 20. Rxf3 Qd6 21.
b4 Qd2 22. bxc5 Qxe2 23. Nxe2 Rd2 24. Bb3 Rxe2 25. Kf1 Rd2 26. Rf6 Rfd8 27. Rd6
R8xd6 28. cxd6 Rxd6 29. Ke2 c5 30. a4 f5 31. exf5 gxf5 32. g3 Kg7 33. h4 Kf6
34. Bc2 h6 35. e4 f4 36. g4 Rb6 37. Kd3 Rb2 38. Kd2 f3 39. Ke3 Rxc2 40. Kxf3
Rxc4 41. a5 Rc3+ 42. Ke2 b5 0-1

[Event "Michigan Action"]
[Site "Detroit"]
[Date "1990.10.27"]
[Round "2"]
[White "Vaka, Flamur"]
[Black "Melican, Daniel"]
[Result "1-0"]
[WhiteElo "1573"]
[BlackElo "1477"]
[PlyCount "27"]
[EventDate "1990.10.27"]

1. e4 e5 2. Nf3 Nc6 3. Bc4 Nf6 4. Nc3 Nxe4 5. Nxe4 d5 6. Bb5 dxe4 7. Nxe5 Qd5
8. Bxc6+ bxc6 9. Ng4 Qh5 10. Nf6+ gxf6 11. Qxh5 Ba6 12. Qh4 Rg8 13. Qxh7 Rxg2
14. Qxe4+ 1-0

[Event "Michigan Action"]
[Site "Detroit"]
[Date "1990.10.27"]
[Round "4"]
[White "Vaka, Flamur"]
[Black "El-murr, Toni"]
[Result "0-1"]
[WhiteElo "1573"]
[BlackElo "1943"]
[PlyCount "76"]
[EventDate "1990.10.27"]

1. e4 d6 2. Nf3 c6 3. Nc3 e5 4. Be2 Nf6 5. d3 Be7 6. O-O h6 7. Re1 O-O 8. Bd2
b5 9. a3 Nbd7 10. Be3 Ng4 11. Bd2 Qb6 12. Rf1 a5 13. h3 Ngf6 14. Be3 c5 15. b4
Ba6 16. Nh4 Rfe8 17. Nf5 Bf8 18. Bf3 Qc7 19. Rb1 cxb4 20. Ne2 bxa3 21. Ra1 b4
22. Qd2 Rac8 23. Rfc1 Nc5 24. Neg3 Re6 25. Be2 d5 26. f3 Na4 27. Bf2 Nc3 28.
Bf1 d4 29. Ne2 a4 30. Nxc3 dxc3 31. Qe1 b3 32. cxb3 axb3 33. Rab1 b2 34. Rc2
Rc6 35. Ne3 a2 36. Nd5 Nxd5 37. exd5 axb1=Q 38. Qxb1 Rd6 0-1

[Event "Michigan Action"]
[Site "Detroit"]
[Date "1990.10.27"]
[Round "6"]
[White "Vaka, Flamur"]
[Black "Bantelon, Ulrich"]
[Result "0-1"]
[WhiteElo "1573"]
[BlackElo "1865"]
[PlyCount "92"]
[EventDate "1990.10.27"]

1. e4 c5 2. Nf3 Nc6 3. Nc3 d6 4. d4 cxd4 5. Nxd4 Nf6 6. Be3 e5 7. Nf3 h6 8. Bb5
Bd7 9. O-O a6 10. Ba4 b5 11. Bb3 Be7 12. Qd2 b4 13. Nd5 Nxe4 14. Qd3 Nf6 15.
Rad1 Nxd5 16. Qxd5 O-O 17. Qd2 Kh7 18. Rfe1 Be6 19. Qd3+ Kh8 20. Rd2 Bxb3 21.
Qxb3 f5 22. Rd3 e4 23. Rdd1 exf3 24. gxf3 Bg5 25. f4 Bf6 26. Re2 Ne7 27. Red2
d5 28. Bc5 a5 29. Bxe7 Qxe7 30. Rxd5 Rfd8 31. Qc4 Rxd5 32. Rxd5 Qe1+ 33. Kg2
Qe4+ 34. Qxe4 fxe4 35. Rd2 Bxb2 36. Re2 Re8 37. Kg3 a4 38. Kg4 g6 39. f5 g5 40.
Kh5 Kg7 41. Kg4 Kf6 42. h3 h5+ 43. Kg3 Kxf5 44. f3 e3 45. f4 gxf4+ 46. Kf3 Rg8
0-1

[Event "Michigan Action"]
[Site "Detroit"]
[Date "1990.10.27"]
[Round "2"]
[White "Thompson, Dexter"]
[Black "Johnson, Henry"]
[Result "0-1"]
[WhiteElo "2295"]
[BlackElo "1958"]
[PlyCount "66"]
[EventDate "1990.10.27"]

1. e4 c6 2. Nc3 d5 3. Nf3 Nf6 4. e5 Nfd7 5. d4 e6 6. Bg5 Be7 7. Bxe7 Qxe7 8.
Bd3 a6 9. O-O O-O 10. Ne2 Re8 11. c3 Nf8 12. Rc1 Nbd7 13. Ng3 b5 14. Bb1 c5 15.
h4 Ng6 16. h5 Nh4 17. h6 g6 18. Nh2 Qg5 19. Ng4 f5 20. exf6 Nxf6 21. Nxf6+ Qxf6
22. dxc5 Bb7 23. Qg4 e5 24. Nh5 Qe7 25. Ng7 Bc8 26. Qd1 Rd8 27. Qd2 e4 28. b4
Bh3 29. Qe3 Bxg2 30. Rfe1 Bf3 31. a3 Qd7 32. Qf4 Qh3 33. Qg3 Qh1# 0-1

[Event "Michigan Action"]
[Site "Detroit"]
[Date "1990.10.27"]
[Round "6"]
[White "Thompson, Dexter"]
[Black "El-murr, Toni"]
[Result "1-0"]
[WhiteElo "2295"]
[BlackElo "1943"]
[PlyCount "61"]
[EventDate "1990.10.27"]

1. e4 d6 2. d4 c6 3. Nc3 Nf6 4. f4 Bg4 5. Nf3 Qa5 6. Qd3 Bxf3 7. gxf3 Na6 8.
Bh3 Qh5 9. Bg4 Qh4+ 10. Ke2 Nxg4 11. fxg4 Qxg4+ 12. Kf2 Qh4+ 13. Ke2 O-O-O 14.
Be3 e5 15. fxe5 dxe5 16. d5 Nb4 17. Qc4 Nxd5 18. Nxd5 Rxd5 19. Raf1 f6 20. b3
Qg4+ 21. Rf3 Qg2+ 22. Rf2 Qxh1 23. exd5 Qxd5 24. Qg4+ Kb8 25. c4 Qa5 26. Kf1
Qc7 27. Rd2 Qc8 28. Bxa7+ Kc7 29. Bb6+ Kb8 30. Qxc8+ Kxc8 31. Rd8# 1-0

[Event "Michigan Action"]
[Site "Detroit"]
[Date "1990.10.27"]
[Round "4"]
[White "Thompson, Dexter"]
[Black "Baze, Lineas"]
[Result "0-1"]
[WhiteElo "2295"]
[BlackElo "2126"]
[PlyCount "57"]
[EventDate "1990.10.27"]

1. e4 c5 2. c3 d5 3. exd5 Qxd5 4. d4 e6 5. Nf3 Nf6 6. Na3 cxd4 7. Nb5 Qd8 8.
Qxd4 Be7 9. Qxd8+ Kxd8 10. Bf4 Na6 11. O-O-O+ Ke8 12. Nd6+ Bxd6 13. Bxd6 Nd7
14. Bb5 f6 15. Nd4 Kf7 16. Bc4 Ndc5 17. Rhe1 Kg6 18. Nxe6 Bxe6 19. Bxe6 Rhe8
20. Bd5 Rxe1 21. Rxe1 Nd3+ 22. Kd2 Nxe1 23. Kxe1 Rd8 24. Be4+ f5 25. Bc2 Rxd6
26. g4 Kg5 27. Bxf5 g6 28. Bc8 b5 29. b4 0-1